España es así / (Record no. 77931)

MARC details
000 -LEADER
campo de control de longitud fija 00673nam a2200229 i 4500
001 - NÚMERO DE CONTROL
campo de control 77931
003 - IDENTIFICADOR DE NÚMERO DE CONTROL
campo de control ES-MaACL
005 - FECHA Y HORA DE LA ÚLTIMA TRANSACCIÓN
campo de control 20250507063020.0
007 - CAMPO FIJO DE DESCRIPCIÓN FÍSICA--INFORMACIÓN GENERAL
campo de control de longitud fija t|
008 - DATOS DE LONGITUD FIJA--INFORMACIÓN GENERAL
campo de control de longitud fija 041115q1956 sp ||||1| spa d
080 ## - NÚMERO DE LA CLASIFICACIÓN DECIMAL UNIVERSAL
Número de la Clasificación Decimal Universal 087.5:372.4
080 ## - NÚMERO DE LA CLASIFICACIÓN DECIMAL UNIVERSAL
Número de la Clasificación Decimal Universal 946(075.2)
080 ## - NÚMERO DE LA CLASIFICACIÓN DECIMAL UNIVERSAL
Número de la Clasificación Decimal Universal 372.4
100 0# - ENTRADA PRINCIPAL--NOMBRE DE PERSONA
Nombre de persona Serrano de Haro, Agustín,
Fechas asociadas al nombre 1960-
9 (RLIN) 105744
245 10 - MENCIÓN DEL TÍTULO
Título España es así /
Mención de responsabilidad, etc. por Agustín Serrano de Haro.
250 ## - MENCION DE EDICION
Mención de edición 17ª ed.
260 ## - PUBLICACIÓN, DISTRIBUCIÓN, ETC.
Lugar de publicación, distribución, etc. Madrid :
Nombre del editor, distribuidor, etc. Escuela Española,
Fecha de publicación, distribución, etc. 1956 (
Fabricante Sucs. J. Sánchez de Ocaña)
300 ## - DESCRIPCIÓN FÍSICA
Extensión 318 p. :
Otras características físicas grab. ;
Dimensiones 19 cm.
651 #4 - PUNTO DE ACCESO ADICIONAL DE MATERIA--NOMBRE GEOGRÁFICO
Nombre geográfico España-
Subdivisión general Historia.
9 (RLIN) 8209
852 ## - LOCALIZACIÓN
Ubicación ES-MaACL
Número de control de estantería E-10393
Sublocalización o colección R.133695
Holdings
Estatus retirado Estado de pérdida Estado de daño No para préstamo Biblioteca de origen Biblioteca actual Ubicación en estantería Fecha de adquisición Fuente de adquisición Total de préstamos Signatura topográfica completa Código de barras Visto por última vez Precio de reemplazo Tipo de ítem Koha
        Biblioteca del Ateneo de Madrid Biblioteca del Ateneo de Madrid Depósito 2 17/01/2008     E-10393 1081527 23/02/2023 23/02/2023 Libro impreso